Countries that Visit Malaysia the Most - Statistics

General Stats
  • This quiz has been taken 82 times
  • The average score is 8 of 10
Answer Stats
# Visitors Country % Correct
2,124,942 China
97%
3,049,964 Indonesia
97%
638,578 India
92%
1,780,800 Thailand
90%
413,768 Japan
87%
13,272,961 Singapore
83%
400,269 United Kingdom
82%
444,439 South Korea
79%
417,446 Philippines
77%
1,391,016 Brunei
63%
No matching quizzes found
Score Distribution
Percent of People with Each Score
Percentile by Number Answered
Your Score History
You have not taken this quiz